000 00846nam a2200265Ia 4500
003 OSt
005 20221005062238.0
006 a|||||r|||| 00| 0
007 ta
008 221004b |||||||| |||| 00| 0 eng d
020 _a9780415392181 (hbk)
_c5665.69
024 _a96840
037 _b261, 20/11/2008, Bhartiya Sahitya Bhawan
_cTextual
040 _aCRL
_cCRL
_beng
041 _2eng
_aeng
082 _aV73:19.P1, P6
100 _aKane Thomas M.
_9599807
245 0 _aTheoretical roots of US foreign policy
_b Machiavello and American unilateralism
260 _aLondon
_bRoutledge UK
_c2006
300 _a189p.
_ccm.
490 _aContemporary security studies
650 _aHISTORY
942 _hV73:19.P1, P6
_cTEXL
_2cc
999 _c969405
_d969405